000 00256nam a2200097Ia 4500
005 20251222113744.0
008 251222s1900||||xx |||||||||||||| ||spa||
082 _aDVD0070/W42S/1989
245 0 _aLa sociedad de los poetas muertos:Dead Poets Society
942 _cDVD
999 _c717
_d717